logo

Bir Sreshtho Munshi Abdur Rouf Library
Jhenaidah Cadet College

দ্বিতীয় মহাযুদ্ধের ইতিহাস / (Record no. 1440)

MARC details
000 -LEADER
fixed length control field 00748nam a2200205 a 4500
001 - CONTROL NUMBER
JCCL Control Number 1440
003 - CONTROL NUMBER IDENTIFIER
JCCL marc code BD-JhCC
005 - DATE AND TIME OF LATEST TRANSACTION
control field 20171031181122.0
008 - FIXED-LENGTH DATA ELEMENTS--GENERAL INFORMATION
fixed length control field 171019s1975 II |||| |||| 000 0 ben d
035 ## - SYSTEM CONTROL NUMBER
system control number (BD-JhCC)1440
040 ## - CATALOGING SOURCE
Original cataloging agency BD-JhCC
Modifying agency BD-JhCC
041 ## - LANGUAGE CODE
Language code of Book ben
082 ## - DEWEY DECIMAL CLASSIFICATION NUMBER
Classification number 940.53
Author mark and Year MUK 1975
100 ## - MAIN ENTRY--PERSONAL NAME
Personal name মুখোপধ্যায়, বিবেকানন্দ
245 ## - TITLE STATEMENT
Title দ্বিতীয় মহাযুদ্ধের ইতিহাস /
Statement of responsibility, etc বিবেকানন্দ মুখোপধ্যায়
260 ## - PUBLICATION, DISTRIBUTION, ETC. (IMPRINT)
Place of publication, distribution, etc কলকাতা :
Name of publisher, distributor, etc স্বাক্ষরতা প্রকাশন,
Date of publication, distribution, etc ১৯৭৫.
300 ## - PHYSICAL DESCRIPTION
Pagination ৬৪০ পৃ. :
Dimensions ২২ সে.মি.
650 ## - SUBJECT ADDED ENTRY--TOPICAL TERM
Topical term or geographic name as entry element World War II
942 ## - ADDED ENTRY ELEMENTS (KOHA)
Source of classification or shelving scheme Dewey Decimal Classification
Koha item type Books
Holdings
Source of classification or shelving scheme volume number Damaged status Not for loan Home library Current library Shelving location Date of accession Cost, normal purchase price Total Checkouts Full call number Barcode Date last seen Copy number Koha item type
Dewey Decimal Classification V-2     JCC Rouf Library JCC Rouf Library General Stacks 10/19/2017 20.00   940.53 MUK 1975 2496 10/19/2017 C-1 Books
Dewey Decimal Classification V-2     JCC Rouf Library JCC Rouf Library General Stacks 02/10/2018 75.00   940.53 MUK 1975 10036 02/10/2018 C - 2 Books

JCC Library | Contacts | JCC Home

Last Update on 23 September 2017
Copyright @ 2017-2020 JCC Rouf Library
Rouf Library, Jhenidah Cadet College (JCC), Bangladesh